| 000 | 00711nam a22001817a 4500 | ||
|---|---|---|---|
| 008 | 131222n19uu xxkdo gr|||| 000 0 eng d | ||
| 043 | _ae-uk-en | ||
| 082 | 0 | 4 |
_222 _a338.0942 _bPRO |
| 110 | 2 |
_934732 _aDurham University Business School |
|
| 245 | 1 | 0 |
_aProfitability trends in North West industries : _ba study for Lloyd Bowmaker / _cby Durham University Business School. |
| 260 |
_aBournemouth, United Kingdom : _bLloyd Bowmaker Corporate Finance Division, _c[19--] |
||
| 300 |
_a35 p. : _bchart, photograph ; _c30 cm. |
||
| 500 | _aAppendix : p. 31-34. | ||
| 650 | 0 |
_934736 _aIndustries _zEngland, North West |
|
| 653 |
_bGeneral _cDecember2013 |
||
| 655 |
_vreading book _934232 |
||
| 942 |
_2ddc _cBB _k338.0942 PRO |
||
| 999 |
_c17891 _d17863 |
||